000 00561cam a22002053a 4500
001 45828
003 PGUSA
005 20140828084050.0
008 140530s2014||||xxu|||||s|||||000 | eng d
040 _aPGUSA
_beng
042 _adc
100 1 _aAustrian, Delia
245 1 0 _aWays of War and Peace
_h[electronic resource] /
_cDelia Austrian
260 _bProject Gutenberg,
_c2014
506 _aPublic domain in the USA.
516 _aElectronic text
830 0 _aProject Gutenberg
_v45828
856 4 0 _uhttp://www.gutenberg.org/ebooks/45828
942 _cEB
999 _c275078
_d275078